Věrní a padlí. Kniha čtvrtá, Hněv /
Zakončení kultovní série Věrní a padlí od uznávaného autora fantasy Johna Gwynna. Události v Zemích vyhnanců vrcholí, válka dosahuje nových výšin...
Uloženo v:
| Série: | Věrní a padlí,
část 4 |
|---|---|
| Hlavní autor: | |
| Další autoři: | |
| Médium: | Kniha |
| Jazyk: | Czech |
| Vydáno: |
Brno :
Host,
2026
|
| Vydání: | První vydání |
| Témata: | |
| Celkem bylo vypůjčeno: | 0x |
| Příbuzné jednotky: | Z cyklu::
Věrní a padlí |
| Tagy: |
Žádné tagy |
| LEADER | 02521nam a2200445 i 4500 | ||
|---|---|---|---|
| 001 | 106202 | ||
| 003 | CZ PrNK | ||
| 005 | 20260428102353.0 | ||
| 007 | ta | ||
| 008 | 260420s2026 xr g 000 f cze | ||
| 015 | |a cnb003751844 | ||
| 020 | |a 9788027528578 |q (vázáno) | ||
| 040 | |a ABG001 |b cze |e rda | ||
| 041 | 1 | |a cze |h eng | |
| 072 | 7 | |a 821.111-3 |x Anglická próza, anglicky psaná |2 Konspekt |9 25 | |
| 080 | |a 821.111-31 |2 MRF | ||
| 080 | |a (0:82-312.9) |2 MRF | ||
| 100 | 1 | |a Gwynne, John, |d 1968- |7 xx0278127 |4 aut |9 113910 | |
| 240 | 1 | 0 | |a Wrath. |l Česky |
| 245 | 1 | 0 | |a Věrní a padlí. |n Kniha čtvrtá, |p Hněv / |c John Gwynne ; přeložil Pavel Černovský |
| 246 | 3 | 0 | |a Hněv |
| 250 | |a První vydání | ||
| 264 | 1 | |a Brno : |b Host, |c 2026 | |
| 300 | |a 717 stran ; |c 22 cm | ||
| 336 | |a text |b txt |2 rdacontent | ||
| 337 | |a bez média |b n |2 rdamedia | ||
| 338 | |a svazek |b nc |2 rdacarrier | ||
| 500 | |a Přeloženo z angličtiny | ||
| 520 | 2 | |a Zakončení kultovní série Věrní a padlí od uznávaného autora fantasy Johna Gwynna. Události v Zemích vyhnanců vrcholí, válka dosahuje nových výšin... |b Král Nathair ovládl pevnost Drassil a tři ze sedmi Pokladů má ve svém držení. Společně s Calidem a svou spojenkyní, královnou Rhin, udělá Nathair cokoli, aby získal i zbývající Poklady. Se všemi sedmi ve svém vlastnictví totiž může otevřít bránu do Zásvětí. Pak bude Asroth a jeho horda démonů konečně moci vtrhnout do Zemí vyhnanců a získat tělesnou podobu. Corban byl mezitím zajat Jötuny — obry válečníky, kteří vyrážejí do boje na obrovských medvědech. Corbanovo vojsko bylo rozprášeno a on musí, pokud má přežít, najít nové spojence. Ale dokáže si získat důvěru znepřátelených klanů obrů? Nějak to dokázat musí — má-li být schopen čelit hrozbě, kterou představuje Nathair. V sázce je jeho život — a s ním i osud Zemí vyhnanců. Nakladatelská anotace. | |
| 655 | 7 | |a anglické romány |7 fd131814 |2 czenas |9 53421 | |
| 655 | 7 | |a fantasy romány |7 fd184199 |2 czenas |9 54250 | |
| 655 | 9 | |a English fiction |2 eczenas | |
| 655 | 9 | |a fantasy novels |2 eczenas | |
| 700 | 1 | |a Černovský, Pavel |7 mzk2008448703 |4 trl |9 11390 | |
| 710 | 2 | |a Host (vydavatelství) |7 ko2003163544 |4 pbl |9 117148 | |
| 787 | 0 | 8 | |i Z cyklu: |t Věrní a padlí |g 4 |
| 910 | |a UOG502 | ||
| 942 | |2 ddc |c KN | ||
| 999 | |d 106202 | ||
| 993 | |0 0 |1 421180106928 |2 ddc |4 0 |7 0 |9 99545 |b 0 |c 106928 |d 2026-04-28 |e 0 |f DOSP |h 699.00 |i Koupě |l DOSP |r 2026-04-28 |t 6 |w 2026-04-28 |y KN |z SFF |n | ||